• 首页
  • 本馆介绍
  • 公告通知
  • 最新文献
  • 馆藏检索
  • 电子资源
  • 读者导购
  • 参考咨询
  • 我的图书馆
  • 登录
  • 详细信息显示
  • 放入我的书架
  • 预约/预借图书
  • 作者相关作品
  • 分类相关作品
  • 丛书相关作品
  • 出版社相关作品

书目信息

  • 表格格式
  • 工作单格式
  • 卡片格式
题名:
轮滑运动入门
    
 
作者: 于海燕 编著
分册:  
出版信息: 南京   江苏科学技术出版社  2001.11
页数: 210页
开本: 19cm
丛书名: 休闲健身丛书
单 册:
中图分类: G862.8
科图分类:
主题词: 滑轮滑冰--基本知识
电子资源:
ISBN: 7-5345-3454-2
000 00623nam2 2200217 45
001 0401300292
005 20040130042413.7
010    @a7-5345-3454-2@dCNY10.00
100    @a20040130d2001 km y0chiy0120 ea
101 0  @achi
105    @aa z 000yy
200 1  @a轮滑运动入门@ALun Hua Yun Dong Ru Men@f于海燕编著@FYu Hai Yan Bian Zhu
210    @a南京@c江苏科学技术出版社@d2001.11
215    @a210页@c图@d19cm
225    @a休闲健身丛书
410    @12001 @a休闲健身丛书
606 0  @a滑轮滑冰@x基本知识
690    @aG862.8@v4
701    @a于海燕@4编著
801    @aCN@bTSTCL@c20040130
905    @b333039-041@dG862.8@e26@f3
    
    轮滑运动入门/于海燕编著.-南京:江苏科学技术出版社,2001.11
    210页:图;19cm.-(休闲健身丛书)
    
    
    ISBN 7-5345-3454-2:CNY10.00
    
●
相关链接 在E读中查询图书 在五车中查询图书 在当当中查询图书 在豆瓣中查询图书


正题名:轮滑运动入门     索取号:G862.8/26         预约/预借

序号 登录号 条形码 馆藏地/架位号 状态 备注
1 0333039   203330396   第四借阅区/ [索取号:G862.8/26] 在馆    
2 0333040   203330403   第四借阅区/ [索取号:G862.8/26] 在馆    
3 0333041   203330412   第一样本阅览室/ [索取号:G862.8/26] 在馆    
唐山师范学院图书馆 欢迎您!
大连网信软件有限公司© 版权所有